00392nam a2200133 a 450000100080000000500110000800800410001910000100006024501150007026000370018530000100022265000170023265300090024914982282024-09-30 1983 bl uuuu u0uu1 u #d1 aINPA. aNúcleo de pesquisas do Acreblevantamento de informações sobre ocorrência de frutas no interior do estado. aRio Branco, AC: CNPq: INPAc1983 a41 p. aFruticultura aAcre